000 00895cam a22002771i 4500
001 7951431
003 OSt
005 20230704133128.0
008 820312s1958 nyu 000 0 eng
010 _a 59020701
015 _aGB58-13892
035 _a(OCoLC)8240971
040 _aDLC
_cCtWeharU
_dUk
_dDLC
050 0 0 _aJV1071
_b.W5
082 _a354.4
_bWIS
100 1 _aWiseman, H. Victor
_q(Herbert Victor)
245 1 4 _aThe cabinet in the Commonwealth;
_bpost-war developments in Africa, the West Indies, and South-east Asia.
260 _aLondon,
_bStevens
_c1958.
300 _a364 p.
_c23 cm.
504 _aIncludes bibliography.
650 0 _aCabinet system
_zCommonwealth of Nations.
650 0 _aConstitutional history
_zCommonwealth countries.
651 0 _aGreat Britain
_xColonies
_xAdministration.
906 _a7
_bcbc
_coclcrpl
_du
_encip
_f19
_gy-gencatlg
942 _2ddc
_cBK
999 _c3823
_d3823